Textbook on optical fiber communication and its applications / (Record no. 67533)

MARC details
000 -LEADER
fixed length control field 00709nam a22002297a 4500
005 - DATE AND TIME OF LATEST TRANSACTION
control field 20180811153324.0
008 - FIXED-LENGTH DATA ELEMENTS--GENERAL INFORMATION
fixed length control field 120606t xxu||||| |||| 00| 0 eng d
010 ## - LCCN (DPL NO)
LC control number ENG-105435
020 ## - INTERNATIONAL STANDARD BOOK NUMBER
International Standard Book Number 9788120345805
Terms of availability 375.00
035 ## - SYSTEM CONTROL NUMBER
System control number EN-88968, B-127323,B-127329
037 ## - SOURCE OF ACQUISITION
Source of stock number/acquisition DBAD/PUB
040 ## - CATALOGING SOURCE
Original cataloging agency DPL
Language of cataloging Eng
082 ## - DEWEY DECIMAL CLASSIFICATION NUMBER
Classification number 621.38275
100 ## - MAIN ENTRY--PERSONAL NAME
Personal name Gupta, S.C.
9 (RLIN) 48471
245 ## - TITLE STATEMENT
Title Textbook on optical fiber communication and its applications /
Statement of responsibility, etc by S.C. Gupta
250 ## - EDITION STATEMENT
Edition statement 2nd ed
260 ## - PUBLICATION, DISTRIBUTION, ETC. (IMPRINT)
Place of publication, distribution, etc New Delhi
Name of publisher, distributor, etc PHI Learning
Date of publication, distribution, etc 2012
270 ## - ADDRESS
Address M-97, Connaught Circus
City New Delhi
Postal code 110001
300 ## - PHYSICAL DESCRIPTION
Extent xiii,518p.
Dimensions 24cm(pbk)
500 ## - GENERAL NOTE
General note Includes index
942 ## - ADDED ENTRY ELEMENTS (KOHA)
Source of classification or shelving scheme Dewey Decimal Classification
Item type English Books
Classification part 621.38275
Call number suffix GUP
Holdings
Withdrawn status Lost status Source of classification or shelving scheme Damaged status Not for loan Collection code Home library Current library Date acquired Source of acquisition Cost, normal purchase price Total Checkouts Full call number Barcode Date last seen Copy number Cost, replacement price Koha item type Total Renewals
    Dewey Decimal Classification   Not For Loan Non-fiction D.B.Act.Division D.B.Act.Division 06/06/2012 DBAD/PUB 375.00   621.38275 GUP EN-88968 06/06/2012 1 375.00 English Books  
    Dewey Decimal Classification     Non-fiction Patel Nagar Patel Nagar 04/07/2018 BPPD/Pub 325.00 1 621.38275 GUP B-127323 06/12/2018   325.00 English Books 1
    Dewey Decimal Classification     Non-fiction Shahdara Branch Shahdara Branch 11/08/2018   375.00   621.38275 GUP   11/08/2018   375.00 English Books  

© Delhi Public Library
Hit Counter
free hit counter